Geography Quiz

Random Geography or State Quiz
Score 0/16 Timer 02:00
1 Play Today
Rank State % Correct
14New York
98.5%
1Massachusetts
88.5%
9Maine
88%
6Vermont
84.7%
3Rhode Island
84%
2New Hampshire
83.8%
8New Jersey
82.6%
7Pennsylvania
82%
Rank State % Correct
4Connecticut
80.9%
15Ohio
75.7%
5Delaware
71.8%
11Iowa
37.3%
16Missouri
29.6%
10Montana
24.1%
12Nebraska
23.8%
13Wyoming
19.7%
Remove Ads.
Support Sporcle.
Get the best of Sporcle when you Go Orange. This ad-free experience offers more features, more stats, and more fun while also helping to support Sporcle. Thank you for becoming a member.

You're not logged in!

Compare scores with friends on all Sporcle quizzes.
OR
Log In

Sporcle TV

Today on Sporcle TV


Watch our educational content, quiz creation guides, and fun videos on Sporcle TV.

Show Comments

Extras

Top Quizzes Today


Score Distribution

Paid Content

Your Account Isn't Verified!

In order to create a playlist on Sporcle, you need to verify the email address you used during registration. Go to your Sporcle Settings to finish the process.

Report this User

Report this user for behavior that violates our Community Guidelines.

Details: